| 000 | 00965pab a2200181 454500 | ||
|---|---|---|---|
| 008 | 180718b2002 xxu||||| |||| 00| 0 eng d | ||
| 100 | _aMackinnon, John | ||
| 245 | _aHow research can assist policy: the case of economic reforms in uganda | ||
| 260 | _c2002 | ||
| 300 | _ap.267-92. | ||
| 362 | _aFall | ||
| 520 | _aResearch has had a powerful impact on policy in Uganda, affecting the climate of opinion, improving the quality of the policy debate, and helping focus public policy and intervention on poverty reduction. Uganda's successful use of knowledge and research to help set public policy priorities demonstrates that even a poor postconflict country can, in a relatively short period of time, create an effective information base and feedback mechanisms for decision making. - Reproduced. | ||
| 650 | _aEconomic reform - Uganda | ||
| 650 | _aEconomic reform | ||
| 700 | _aReinikka, Ritva | ||
| 773 | _aWorld Bank Research Observer | ||
| 909 | _a54719 | ||
| 999 |
_c54719 _d54719 |
||